The skills of management

Bibliographic Details
Main Author: Welsh, A. N. (Author)
Format: Book
Language:English
Published: England : Gower Press 1980
Subjects:

MARC

LEADER 00000cam a2200000 7i4500
001 0000004387
005 20240930.0
008 991213 enka eng
020 |a 0566021714 hardback 
040 |a INS   |b eng   |e rda 
090 0 0 |a HD31   |b .W45 1980 
100 1 |a Welsh, A. N. ,   |e author 
245 1 4 |a The skills of management   |c A. N. Welsh 
264 1 |a England :   |b Gower Press   |c 1980 
264 4 |c ©1980 
300 |a xii, 194 pages :   |b illustrations ;   |c 23 cm. 
336 |a text  |2 rdacontent 
337 |a unmediated  |2 rdamedia 
338 |a volume  |2 rdacarrier 
650 0 |a Management 
999 |a 0000000107   |b BOOK   |c Open Shelf   |e Default branch